MARC

LEADER 00000nam0a2200000 4500
001 308807
005 20231102002129.0
020 |a RU  |b 81-71583 
035 |a (RuTPU)RU\TPU\book\334128 
090 |a 308807 
100 |a 20151106d1981 k y0rusy5003 ca 
101 0 |a rus 
102 |a UA 
105 |a a z 001zy 
200 1 |a Естественные ресурсы подземных вод платформенных артезианских бассейнов Украины  |f В. М. Шестопалов  |g Академия наук Украинской ССР (АН УССР), Институт геологических наук (ИГН) 
210 |a Киев  |c Наукова думка  |d 1981 
215 |a 195 с.  |c ил. 
320 |a Библиогр.: с. 186-193 
606 |a Воды подземные  |x Гидрогеология  |2 stltpush  |3 (RuTPU)RU\TPU\subj\3150  |9 31605 
610 1 |a Украина 
610 1 |a артезианские бассейны 
610 1 |a водообмен 
610 1 |a естественные ресурсы 
610 1 |a исследование 
610 1 |a гидрологические методы 
610 1 |a породы 
610 1 |a водопроводимость 
610 1 |a моделирование 
610 1 |a применение 
675 |a 556.3  |v 3 
700 1 |a Шестопалов  |b В. М.  |g Вячеслав Михайлович 
712 0 2 |a Академия наук Украинской ССР (АН УССР)  |b Институт геологических наук (ИГН)  |c (Киев)  |2 stltpush  |3 (RuTPU)RU\TPU\col\12890 
801 0 |a RU  |b RuMRKP  |c 19950704  |g psbo 
801 1 |a RU  |b 63413507  |c 20151106 
801 2 |a RU  |b 63413507  |c 20180906  |g RCR 
942 |c BK